Rǧimen de incorporacin̤ fiscal Personas fs̕icas /

Detalles Bibliográficos
Autor principal: Přez Chavez, Još
Otros Autores: Fol Olguin, Raymundo
Formato: eBook
Publicado: Mx̌ico: Tax Editores, 2016.
Materias:
Acceso en línea:Acceso restringido

MARC

LEADER 00000nam a22000007a 4500
005 20161028094458.0
007 cr|||| ||u|
008 161028s2016 Mx |||||o|||| 001 0 Spa d
020 |a 978-607-440-933-8 
035 |a 14399 
040 |a vLex 
090 |c 6326  |d 6326 
100 1 |a Přez Chavez, Još 
245 1 |a Rǧimen de incorporacin̤ fiscal  |h [Recurso electrn̤ico] :  |b Personas fs̕icas /  |c Jos ̌Přez Chavez, Raymundo Fol Olguin. 
256 |a Servicio en ln̕ea 
260 |a Mx̌ico:  |b Tax Editores,  |c 2016. 
300 |a 1 Recurso electrn̤ico 
506 1 |a Disponible en los productos indicados  |d vLex Global  |d vLex Global (Academic Edition, excluding Law Schools)  |d vLex Global (U.S. Academic Edition, Law Schools)  |d vLex Global (U.S. Academic Edition, excluding Law Schools)  |d vLex Global (Academic Edition, Law Schools) 
650 0 4 |a Impuesto sobre la renta de las personas fs̕icas  |z Mx̌ico 
650 0 4 |a Derecho fiscal  |z Mx̌ico 
700 1 |a Fol Olguin, Raymundo 
740 0 |a vLex libros (servicio en ln̕ea) 
856 4 0 |u http://vlex.com/source/regimen-incorporacion-fiscal-personas-fisicas-14399  |z Acceso restringido 
942 |c BOOK 
999 0 |a Income tax 
999 0 |a Fiscal law